Význam štatistickej distribúcie v oblasti riadenia rizika

Rozdelenie pravdepodobnosti náhodnej veličiny predstavuje pravidlo, pri ktorom je každému javu popisovanému touto veličinou priradená určitá pravdepodobnosť. Toto pravidlo je tiež nazývané rozložením pravdepodobnosti alebo distribúciou pravdepodobnosti. Konkrétne rozdelenie pravdepodobnosti náhodnej...

Ausführliche Beschreibung

Gespeichert in:
Bibliographische Detailangaben
1. Verfasser: Buc, Daniel
Format: Buchkapitel
Sprache:Slowakisch
Schlagworte:
Tags: Tag hinzufügen
Keine Tags, Fügen Sie das erste Tag hinzu!

MARC

LEADER 00000nla a2200000 4500
001 0177956
005 20220722095705.1
041 0 |a slo 
044 |a SK 
245 1 0 |a Význam štatistickej distribúcie v oblasti riadenia rizika  |c Daniel Buc 
520 |a Rozdelenie pravdepodobnosti náhodnej veličiny predstavuje pravidlo, pri ktorom je každému javu popisovanému touto veličinou priradená určitá pravdepodobnosť. Toto pravidlo je tiež nazývané rozložením pravdepodobnosti alebo distribúciou pravdepodobnosti. Konkrétne rozdelenie pravdepodobnosti náhodnej premennej sa získa priradením pravdepodobnosti každej hodnote diskrétnej náhodnej veličine, resp. intervalu hodnôt spojitej náhodnej premennej. Rozdelenie pravdepodobnosti možno tiež chápať ako zobrazenie, ktoré každému elementárnemu javu priradí konkrétne reálne číslo, ktoré určuje pravdepodobnosť tohto javu. 
610 2 0 |a distribúcia 
610 2 0 |a rozdelenie pravdepodobnosti 
610 2 0 |a štatistika 
610 2 0 |a riadenie rizík 
100 1 |a Buc, Daniel